|
|
|
|
| LEADER |
00000nab a2200000ua 4500 |
| 001 |
vtls010851885 |
| 003 |
SK-MaSNL |
| 005 |
20260303110715.0 |
| 008 |
230121s1991 xo |||||||||||||||||slo| |
| 035 |
|
|
|a (urnnbn)urn:nbn:sk:snk:ar-a07ca8
|
| 035 |
|
|
|a urn:nbn:sk:snk-ab6c0p
|
| 035 |
|
|
|a (uuid)4ba9d259-7187-4ad9-bb78-acb9e72696d1
|
| 040 |
|
|
|a SNKBUCL
|b slo
|c SNKBUCL
|e AACR2
|
| 041 |
0 |
|
|a slo
|
| 044 |
|
|
|a xo
|c SK
|
| 100 |
1 |
|
|a Ondruš, Dalibor,
|d 1953-
|4 aut
|9 102851
|
| 245 |
1 |
0 |
|a Možnosti cytostatickej liečby na urologických oddeleniach
|c D. Ondruš, E. Juríková
|
| 650 |
0 |
7 |
|a urológia
|2 SNKPH
|9 2605
|
| 650 |
0 |
7 |
|a cytostatiká
|2 SNKPH
|9 2440
|
| 700 |
1 |
|
|a Juríková, E.
|4 aut
|9 1122841
|
| 773 |
0 |
|
|t INFOZ : bulletin pre stredných zdravotníckych pracovníkov
|g Roč. 1, č. 4 (1991), s. 8-10
|
| 954 |
|
|
|a odborná, vedecká literatúra pôvodná (slovenská)
|2 lita
|
| 958 |
|
|
|a OND
|
| 958 |
|
|
|a EUIPO
|
| 958 |
|
|
|a article5
|
| 999 |
|
|
|c 1871908
|d 1873838
|